<?xml version="1.0" encoding="UTF-8"?>
<collection xmlns="http://www.loc.gov/MARC21/slim">
 <record>
  <leader>01614nam a22002537a 4500</leader>
  <controlfield tag="001">NCT_53160</controlfield>
  <controlfield tag="008">181017b        xxu||||| |||| 00| 0 vie d</controlfield>
  <datafield tag="999" ind1=" " ind2=" ">
   <subfield code="c">2547</subfield>
   <subfield code="d">2547</subfield>
  </datafield>
  <datafield tag="020" ind1=" " ind2=" ">
   <subfield code="a">9786046456520</subfield>
   <subfield code="c">92000</subfield>
  </datafield>
  <datafield tag="082" ind1="0" ind2="4">
   <subfield code="2">23rd ed.</subfield>
   <subfield code="a">005.52</subfield>
   <subfield code="b">H305</subfield>
  </datafield>
  <datafield tag="100" ind1="1" ind2=" ">
   <subfield code="a"> Phạm Quang Hiển</subfield>
  </datafield>
  <datafield tag="245" ind1="1" ind2="0">
   <subfield code="a">Giáo trình thực hành Microsoft Word :</subfield>
   <subfield code="b">Dùng cho các phiên bản</subfield>
   <subfield code="c"> Phạm Quang Hiển, Phạm Phương Hoa</subfield>
  </datafield>
  <datafield tag="260" ind1=" " ind2=" ">
   <subfield code="a">H.</subfield>
   <subfield code="b">Thanh niên</subfield>
   <subfield code="c">2016</subfield>
  </datafield>
  <datafield tag="300" ind1=" " ind2=" ">
   <subfield code="a">350 tr.</subfield>
   <subfield code="b">Hình vẽ, bảng</subfield>
   <subfield code="c">24cm</subfield>
  </datafield>
  <datafield tag="490" ind1=" " ind2=" ">
   <subfield code="a">Tủ sách STK</subfield>
  </datafield>
  <datafield tag="520" ind1="3" ind2=" ">
   <subfield code="a">Sách trình bày những nội dung kiến thức không quá sâu, nhằm phục vụ cho những người mới bắt đầu làm quen với việc soạn thảo và chỉnh sửa văn bản và tài liệu giảng dạy hữu ích</subfield>
  </datafield>
  <datafield tag="653" ind1=" " ind2=" ">
   <subfield code="a">Công nghệ thông tin</subfield>
  </datafield>
  <datafield tag="700" ind1="1" ind2=" ">
   <subfield code="a">Phạm Phương Hoa</subfield>
  </datafield>
  <datafield tag="942" ind1=" " ind2=" ">
   <subfield code="2">ddc</subfield>
   <subfield code="c">BK</subfield>
  </datafield>
  <datafield tag="952" ind1=" " ind2=" ">
   <subfield code="0">0</subfield>
   <subfield code="1">0</subfield>
   <subfield code="2">ddc</subfield>
   <subfield code="4">0</subfield>
   <subfield code="6">005_520000000000000_H305</subfield>
   <subfield code="7">0</subfield>
   <subfield code="9">14529</subfield>
   <subfield code="a">000001</subfield>
   <subfield code="b">000001</subfield>
   <subfield code="d">2018-10-17</subfield>
   <subfield code="o">005.52 H305</subfield>
   <subfield code="p">MD.13581</subfield>
   <subfield code="r">2018-10-17</subfield>
   <subfield code="v">92000.00</subfield>
   <subfield code="w">2018-10-17</subfield>
   <subfield code="y">BK</subfield>
  </datafield>
  <datafield tag="952" ind1=" " ind2=" ">
   <subfield code="0">0</subfield>
   <subfield code="1">0</subfield>
   <subfield code="2">ddc</subfield>
   <subfield code="4">0</subfield>
   <subfield code="6">005_520000000000000_H305</subfield>
   <subfield code="7">0</subfield>
   <subfield code="9">14530</subfield>
   <subfield code="a">000001</subfield>
   <subfield code="b">000001</subfield>
   <subfield code="d">2018-10-17</subfield>
   <subfield code="o">005.52 H305</subfield>
   <subfield code="p">MD.13582</subfield>
   <subfield code="r">2018-10-17</subfield>
   <subfield code="v">92000.00</subfield>
   <subfield code="w">2018-10-17</subfield>
   <subfield code="y">BK</subfield>
  </datafield>
  <datafield tag="952" ind1=" " ind2=" ">
   <subfield code="0">0</subfield>
   <subfield code="1">0</subfield>
   <subfield code="2">ddc</subfield>
   <subfield code="4">0</subfield>
   <subfield code="6">005_520000000000000_H305</subfield>
   <subfield code="7">0</subfield>
   <subfield code="9">14531</subfield>
   <subfield code="a">000001</subfield>
   <subfield code="b">000001</subfield>
   <subfield code="d">2018-10-17</subfield>
   <subfield code="l">2</subfield>
   <subfield code="o">005.52 H305</subfield>
   <subfield code="p">MD.13583</subfield>
   <subfield code="r">2020-05-26</subfield>
   <subfield code="s">2020-05-23</subfield>
   <subfield code="v">92000.00</subfield>
   <subfield code="w">2018-10-17</subfield>
   <subfield code="y">BK</subfield>
  </datafield>
  <datafield tag="952" ind1=" " ind2=" ">
   <subfield code="0">0</subfield>
   <subfield code="1">0</subfield>
   <subfield code="2">ddc</subfield>
   <subfield code="4">0</subfield>
   <subfield code="6">005_520000000000000_H305</subfield>
   <subfield code="7">0</subfield>
   <subfield code="9">14532</subfield>
   <subfield code="a">000001</subfield>
   <subfield code="b">000001</subfield>
   <subfield code="d">2018-10-17</subfield>
   <subfield code="o">005.52 H305</subfield>
   <subfield code="p">MD.13584</subfield>
   <subfield code="r">2018-10-17</subfield>
   <subfield code="v">92000.00</subfield>
   <subfield code="w">2018-10-17</subfield>
   <subfield code="y">BK</subfield>
  </datafield>
  <datafield tag="980" ind1=" " ind2=" ">
   <subfield code="a">Thư viện Trường Đại học Nam Cần Thơ</subfield>
  </datafield>
 </record>
</collection>
